00807cam a22002293a 450000100060000000300060000600500170001200800410002904000150007004200070008505000070009210000450009924502300014426000290037450600300040351600200043365300220045365300180047565300130049383000290050685600420053523609PGUSA20140828083514.0071124s2007||||xxu|||||s|||||000 | eng d aPGUSAbeng adc 4aHQ1 aNichols, J. L.q(James Lawrence),d-189510aSearchlights on Health :bLight on Dark Corners : A Complete Sexual Science and a Guide to Purity and Physical Manhood, Advice To Maiden, Wife, And Mother, Love, Courtship, And Marriageh[electronic resource] /cJ. L. Nichols bProject Gutenberg,c2007 aPublic domain in the USA. aElectronic text aMedicine, Popular aSexual ethics aMarriage 0aProject Gutenbergv2360940uhttp://www.gutenberg.org/ebooks/23609